000 00669nam a2200289Ia 4500
005 20260324150154.0
008 008 260324s9999 xx 000 0 eng d
020 _a9781003612865
037 _aEBOOK
040 _aCRL
040 _beng
040 _cCRL
041 _2eng
041 _aeng
084 _qCRL
100 _aW. P. Robinson; Susan J. Rackstraw
_91225496
245 2 _aA Question of Answers
245 0 _bVolume I
260 _bTaylor and Francis
260 _c1972
365 _a
365 _b135
856 _uhttp://www.taylorfrancis.com/books/9781003612865
942 _cEBOOK
999 _c1834520
_d1834520